Properties of the insensivity region for a linear function of the fixed effects parameters in the mixed linear model
Článok sa zaoberá hľadaním explicitného vyjadrenia oblasti necitlivosti pre lineárnu funkciu parametrov strednej hodnoty v zmiešanom lineárnom modeli bez podmienok. Možnosti grafickej interpretácie. Overenie vplyvu linearizácie, ktorá je použitá pri odovzdávaní. Michaelis-Menten model.
Saved in:
| Main Author: | |
|---|---|
| Other Authors: | |
| Format: | Book Chapter |
| Language: | English |
| Subjects: | |
| Tags: |
No Tags, Be the first to tag this record!
|
MARC
| LEADER | 00000naa$a2200000$$$4500 | ||
|---|---|---|---|
| 001 | 0089976 | ||
| 005 | 20220715093856.4 | ||
| 041 | 0 | |a eng | |
| 044 | |a SK | ||
| 245 | 1 | 0 | |a Properties of the insensivity region for a linear function of the fixed effects parameters in the mixed linear model |c Hana Boháčová, Jana Heckenbergerová |
| 520 | |a Článok sa zaoberá hľadaním explicitného vyjadrenia oblasti necitlivosti pre lineárnu funkciu parametrov strednej hodnoty v zmiešanom lineárnom modeli bez podmienok. Možnosti grafickej interpretácie. Overenie vplyvu linearizácie, ktorá je použitá pri odovzdávaní. Michaelis-Menten model. | ||
| 610 | 2 | 0 | |a modely regresné |
| 610 | 2 | 0 | |a modely lineárne |
| 610 | 2 | 0 | |a odhad štatistický |
| 610 | 2 | 0 | |a metódy štatistické |
| 610 | 2 | 0 | |a štatistika |
| 100 | 1 | |a Boháčová, Hana | |
| 700 | 1 | |a Heckenbergerová, Jana | |